Introduction to Health and Safety at Work (7th Ed) (Record no. 588662)
[ view plain ]
| 000 -LEADER | |
|---|---|
| fixed length control field | 00519nam a22001937a 4500 |
| 003 - CONTROL NUMBER IDENTIFIER | |
| control field | NUST |
| 005 - DATE AND TIME OF LATEST TRANSACTION | |
| control field | 20220308101047.0 |
| 008 - FIXED-LENGTH DATA ELEMENTS--GENERAL INFORMATION | |
| fixed length control field | 220308b ||||| |||| 00| 0 eng d |
| 020 ## - INTERNATIONAL STANDARD BOOK NUMBER | |
| International Standard Book Number | 9780367482886 |
| 038 ## - RECORD CONTENT LICENSOR | |
| Staff Name | SAIF |
| 082 ## - DEWEY DECIMAL CLASSIFICATION NUMBER | |
| Classification number | 658.382 |
| Edition number | HUG |
| 100 ## - MAIN ENTRY--PERSONAL NAME | |
| Personal name | Hughes,Phil |
| 9 (RLIN) | 81160 |
| 245 ## - TITLE STATEMENT | |
| Title | Introduction to Health and Safety at Work (7th Ed) |
| Statement of responsibility, etc. | Phil Hughes. |
| 250 ## - EDITION STATEMENT | |
| Edition statement | 7th Ed. |
| 260 ## - PUBLICATION, DISTRIBUTION, ETC. | |
| Place of publication, distribution, etc. | New York, |
| Name of publisher, distributor, etc. | Routledge, |
| Date of publication, distribution, etc. | 2021. |
| 300 ## - PHYSICAL DESCRIPTION | |
| Extent | xxv, 622p. : |
| Other physical details | Paperback, |
| Dimensions | 30cm |
| 563 ## - BINDING INFORMATION | |
| Binding note | Paperback |
| 942 ## - ADDED ENTRY ELEMENTS (KOHA) | |
| Source of classification or shelving scheme | |
| Koha item type | Book |
| Withdrawn status | Lost status | Source of classification or shelving scheme | Damaged status | Not for loan | Permanent Location | Current Location | Date acquired | Total Checkouts | Total Renewals | Full call number | Barcode | Date last seen | Date last checked out | Price effective from | Koha item type | Checked out |
|---|---|---|---|---|---|---|---|---|---|---|---|---|---|---|---|---|
| School of Civil and Environmental Engineering (SCEE) | School of Civil and Environmental Engineering (SCEE) | 03/08/2022 | 3 | 1 | 658.382 HUG | NIT-13541 | 12/23/2025 | 10/28/2025 | 03/08/2022 | Book | ||||||
| School of Civil and Environmental Engineering (SCEE) | School of Civil and Environmental Engineering (SCEE) | 06/12/2024 | 1 | 658.382 | NIT-13757 | 04/14/2026 | 10/29/2025 | 06/12/2024 | Book | |||||||
| School of Civil and Environmental Engineering (SCEE) | School of Civil and Environmental Engineering (SCEE) | 06/12/2024 | 658.382 | NIT-13758 | 06/12/2024 | 06/12/2024 | Book | |||||||||
| School of Civil and Environmental Engineering (SCEE) | School of Civil and Environmental Engineering (SCEE) | 06/12/2024 | 3 | 658.382 | NIT-13759 | 10/28/2025 | 10/28/2025 | 06/12/2024 | Book | 11/27/2025 |
